|
|
|
|
| LEADER |
00000nab a2200000 a 4500 |
| 001 |
vtls000668927 |
| 003 |
SK-MaSNL |
| 005 |
20260304094826.0 |
| 008 |
250425c1998 xo 0 slo |
| 015 |
|
|
|a SNBRB1998/07-18941
|
| 035 |
|
|
|a CLN000021107
|
| 035 |
|
|
|a urn:nbn:sk:snk-abbry4
|
| 035 |
|
|
|a (urnnbn)urn:nbn:sk:snk:ar-0056l2
|
| 035 |
|
|
|a (uuid)4dc53a72-cb87-4ea2-a5c3-cb048e869acc
|
| 040 |
|
|
|a SNKBUCL
|b slo
|c SNKBUCL
|e AACR2
|
| 041 |
0 |
|
|a slo
|
| 044 |
|
|
|a xo
|c SK
|
| 080 |
|
|
|a 82:929:885.4
|2 1997
|
| 080 |
|
|
|a 885.4:929
|2 1997
|
| 100 |
1 |
|
|a Danko, Marek
|4 ain
|9 346802
|
| 245 |
1 |
0 |
|a 7 dotykov s- Dankou Závadovou
|c zhováral sa Marek Danko
|
| 246 |
1 |
3 |
|a Sedem dotykov s- Dankou Závadovou
|
| 300 |
|
|
|b Fotogr.
|
| 600 |
1 |
7 |
|a Závadová, Danka,
|d 1979-
|2 snkbucl
|9 108583
|
| 655 |
|
7 |
|a články z novín a časopisov
|2 snkbucl
|9 267496
|
| 700 |
1 |
|
|a Závadová, Danka,
|d 1979-
|4 aut
|9 108583
|
| 773 |
0 |
|
|t Dotyky
|g Roč. 10, č. 4-5 (1998), s. 38-39
|
| 850 |
|
|
|a Slovenská národná knižnica
|
| 852 |
|
|
|a Slovenská národná knižnica
|
| 958 |
|
|
|a article15
|
| 958 |
|
|
|a LX
|
| 958 |
|
|
|a SK
|
| 958 |
|
|
|a OND
|
| 958 |
|
|
|a EUIPO
|
| 992 |
|
|
|a RBX
|
| 999 |
|
|
|c 2829163
|d 2831093
|